What's the damage? (Record no. 66047)

MARC details
000 -LEADER
fixed length control field 01527cam a2200289 4500
001 - CONTROL NUMBER
control field ABS6374
008 - FIXED-LENGTH DATA ELEMENTS--GENERAL INFORMATION
fixed length control field 000000n2001 000 0 eng u
035 ## - SYSTEM CONTROL NUMBER
System control number (Sirsi) u110795
100 ## - MAIN ENTRY--PERSONAL NAME
Personal name Herbert-Smith, M.
245 ## - TITLE STATEMENT
Title What's the damage?
260 ## - PUBLICATION, DISTRIBUTION, ETC.
Date of publication, distribution, etc. 2001
490 ## - SERIES STATEMENT
Series statement Solicitors' Journal
Volume/sequential designation 145(3) 26 January 2001, 60(1)
520 ## - SUMMARY, ETC.
Summary, etc. Considers the implications of "Howkins & Harrison v Tyler" (2000), where it was ruled that a claim from a firm of surveyors for a contribution from the defaulting borrowers fell outside the scope of the Civil Liability (Contribution) Act 1978 s1(1) as the 'damage' for which the settlement had been made concerned the surveyors' liability to the mortgage lender rather than the fact that the borrowers had defaulted. Consequently the building society gained a windfall whilst still being entitled able to recover the full outstanding balance from the borrower. Concludes that valuers should be less willing to reach a settlement and that those in a similar position should consider joining the lender in proceedings to make a subrogation claim.
590 ## - LOCAL NOTE (RLIN)
Local note ABS
650 ## - SUBJECT ADDED ENTRY--TOPICAL TERM
Topical term or geographic name entry element CIVIL LIABILITY (CONTRIBUTION) ACT 1978 S1
650 ## - SUBJECT ADDED ENTRY--TOPICAL TERM
Topical term or geographic name entry element CONTRIBUTORY NEGLIGENCE
650 ## - SUBJECT ADDED ENTRY--TOPICAL TERM
Topical term or geographic name entry element DAMAGES
650 ## - SUBJECT ADDED ENTRY--TOPICAL TERM
Topical term or geographic name entry element HOWKINS & HARRISON (A FIRM) V TYLER AND ANOTHER
650 ## - SUBJECT ADDED ENTRY--TOPICAL TERM
Topical term or geographic name entry element NEGLIGENCE
650 ## - SUBJECT ADDED ENTRY--TOPICAL TERM
Topical term or geographic name entry element NEGLIGENT VALUATIONS
650 ## - SUBJECT ADDED ENTRY--TOPICAL TERM
Topical term or geographic name entry element SETTLEMENTS
650 ## - SUBJECT ADDED ENTRY--TOPICAL TERM
Topical term or geographic name entry element Valuation
9 (RLIN) 6273
650 ## - SUBJECT ADDED ENTRY--TOPICAL TERM
Topical term or geographic name entry element SURVEYORS
650 ## - SUBJECT ADDED ENTRY--TOPICAL TERM
Topical term or geographic name entry element VALUERS
690 ## - LOCAL SUBJECT ADDED ENTRY--TOPICAL TERM (OCLC, RLIN)
Topical term or geographic name as entry element PROFESSIONAL PRACTICE-NEGLIGENCE
942 ## - ADDED ENTRY ELEMENTS (KOHA)
Suppress in OPAC 0
Holdings
Withdrawn status Lost status Source of classification or shelving scheme Damaged status Not for loan Home library Current library Shelving location Date acquired Total Checkouts Full call number Barcode Date last seen Copy number Price effective from Koha item type
    Dewey Decimal Classification     London London Journal article 07/02/2001   ABS63474 110795-1001 06/08/2019 1 06/08/2019 Journal article